| 000 | 00657nam a2200241Ia 4500 | ||
|---|---|---|---|
| 003 | IIN | ||
| 005 | 20240122161020.0 | ||
| 008 | 231217s9999 xx 000 0 und d | ||
| 020 |
_cRs.225.00 _a9789388902663 |
||
| 040 |
_aIIN _bEnglish |
||
| 082 |
_a615.1 _bSIN |
||
| 100 | 1 | _aSingh,Meharban | |
| 245 | 1 |
_aDrug Dosages in Children _cMeharban Singh & Ashok K. Deorari |
|
| 250 | _a10th ed | ||
| 260 |
_bCBS _aNew Delhi _c2023 |
||
| 300 | _axviii, 225p. | ||
| 500 | _aThis books are reference book. | ||
| 650 | 1 |
_aDrug _vin Children |
|
| 650 | 1 |
_aMedicine _vfor Children |
|
| 650 | 1 |
_aPediatric _vDrug |
|
| 700 | 1 | _a Deorari, Ashok K. | |
| 942 | _cBOOK | ||
| 999 |
_c1425 _d1425 |
||